Loading...
| Current Events | 1 | 20.00 | 100% | 100% | 0% |
| Fine Arts - Classical Music | 5 | 8.00 | 60% | 0% | 20% |
| Fine Arts - Painting and Sculpture | 3 | 13.33 | 100% | 33% | 0% |
| Geography | 2 | 10.00 | 100% | 0% | 0% |
| History - American | 2 | 20.00 | 100% | 100% | 0% |
| History - Ancient/Other | 1 | 20.00 | 100% | 100% | 0% |
| History - European | 3 | 16.67 | 100% | 67% | 0% |
| History - Other | 1 | 10.00 | 100% | 0% | 0% |
| History - World | 2 | 10.00 | 100% | 0% | 0% |
| Literature - American | 4 | 12.50 | 100% | 25% | 0% |
| Literature - British | 5 | 12.00 | 100% | 20% | 0% |
| Literature - European | 2 | 10.00 | 100% | 0% | 0% |
| Literature - World | 5 | 12.00 | 100% | 20% | 0% |
| Mythology | 2 | 20.00 | 100% | 100% | 0% |
| Philosophy | 3 | 3.33 | 33% | 0% | 0% |
| Religion | 3 | 10.00 | 100% | 0% | 0% |
| Science - Biology | 2 | 10.00 | 50% | 50% | 0% |
| Science - Chemistry | 4 | 12.50 | 100% | 25% | 0% |
| Science - Other | 3 | 6.67 | 67% | 0% | 0% |
| Science - Physics | 4 | 10.00 | 75% | 25% | 0% |
| Social Science | 2 | 10.00 | 100% | 0% | 0% |